Mamma mia! Here we go again. (Record no. 514)
[ view plain ]
| 000 -LEADER | |
|---|---|
| fixed length control field | 03113ngm a2200781 a 4500 |
| 005 - DATE AND TIME OF LATEST TRANSACTION | |
| control field | 20260322212023.0 |
| 007 - PHYSICAL DESCRIPTION FIXED FIELD--GENERAL INFORMATION | |
| fixed length control field | data |
| 008 - FIXED-LENGTH DATA ELEMENTS--GENERAL INFORMATION | |
| fixed length control field | data |
| 020 ## - INTERNATIONAL STANDARD BOOK NUMBER | |
| International Standard Book Number | 0123145430 : |
| Terms of availability | {dollar}29.98 |
| 020 ## - INTERNATIONAL STANDARD BOOK NUMBER | |
| International Standard Book Number | 9780123145437 : |
| Terms of availability | {dollar}29.98 |
| 024 1# - OTHER STANDARD IDENTIFIER | |
| Standard number or code | 191329041161 |
| 028 40 - PUBLISHER OR DISTRIBUTOR NUMBER | |
| Publisher or distributor number | 61193668 |
| Source | Universal |
| 028 40 - PUBLISHER OR DISTRIBUTOR NUMBER | |
| Publisher or distributor number | 1062663 |
| Source | Universal |
| 028 40 - PUBLISHER OR DISTRIBUTOR NUMBER | |
| Publisher or distributor number | 2082524 |
| Source | Universal |
| 028 40 - PUBLISHER OR DISTRIBUTOR NUMBER | |
| Publisher or distributor number | 2082521 |
| Source | Universal |
| 028 40 - PUBLISHER OR DISTRIBUTOR NUMBER | |
| Publisher or distributor number | 2106172 |
| Source | Universal |
| 040 ## - CATALOGING SOURCE | |
| Original cataloging agency | PABRO |
| Language of cataloging | eng |
| Transcribing agency | PABRO |
| 041 1# - LANGUAGE CODE | |
| Language code of text/sound track or separate title | spa |
| -- | fre |
| -- | spa |
| Language code of summary or abstract | spa |
| -- | fre |
| -- | spa |
| Language code of original | eng |
| 050 #4 - LIBRARY OF CONGRESS CALL NUMBER | |
| Classification number | PN1997.2 |
| Item number | .M36 2018 |
| 082 04 - DEWEY DECIMAL CLASSIFICATION NUMBER | |
| Classification number | [Fic] |
| Edition information | 23 |
| 090 ## - LOCALLY ASSIGNED LC-TYPE CALL NUMBER (OCLC); LOCAL CALL NUMBER (RLIN) | |
| Classification number (OCLC) (R) ; Classification number, CALL (RLIN) (NR) | DVD 656 |
| 001 - CONTROL NUMBER | |
| control field | data |
| 245 10 - TITLE STATEMENT | |
| Title | Mamma mia! Here we go again. |
| Medium | [videorecording] / |
| Statement of responsibility, etc. | Christine Baranski ... [et al.]. |
| 250 ## - EDITION STATEMENT | |
| Edition statement | Widescreen. |
| 250 ## - EDITION STATEMENT | |
| Edition statement | Sing-along edition. |
| 260 ## - PUBLICATION, DISTRIBUTION, ETC. | |
| Place of publication, distribution, etc. | Universal City, CA : |
| Name of publisher, distributor, etc. | Universal, |
| Date of publication, distribution, etc. | 2018. |
| 300 ## - PHYSICAL DESCRIPTION | |
| Extent | 1 videodisc (1 hr., 54 min.) : |
| Other physical details | sd., col. ; |
| Dimensions | 4 3/4 in. |
| 306 ## - PLAYING TIME | |
| Playing time | 015400 |
| 500 ## - GENERAL NOTE | |
| General note | Originally produced as a motion picture. |
| 500 ## - GENERAL NOTE | |
| General note | Also includes theatrical version. |
| 500 ## - GENERAL NOTE | |
| General note | Based on the original musical "Mamma mia!" written by Catherine Johnson. |
| 500 ## - GENERAL NOTE | |
| General note | Based on the songs of ABBA. |
| 508 ## - CREATION/PRODUCTION CREDITS NOTE | |
| Creation/production credits note | Director of photography, Robert Yeoman ; editor, Peter Lambert ; music and lyrics by Benny Andersson, Bjorn Ulvaeus ; score by Anne Dudley. |
| 511 1# - PARTICIPANT OR PERFORMER NOTE | |
| Participant or performer note | Christine Baranski, Pierce Brosnan, Dominic Cooper, Colin Firth, Andy Garcia, Lily James, Amanda Seyfried, Stellan Skarsgard, Julie Walters, Cher, Meryl Streep. |
| 520 ## - SUMMARY, ETC. | |
| Summary, etc. | Publisher Annotation: Five years after the events of Mamma Mia! (2008), Sophie prepares for the grand reopening of the Hotel Bella Donna as she learns more about her mother's past. |
| 521 8# - TARGET AUDIENCE NOTE | |
| Target audience note | MPAA rating: PG-13. |
| 538 ## - SYSTEM DETAILS NOTE | |
| System details note | Dual layer DVD; Dolby digital 5.1 (English, Spanish, French); English DVS Dolby digital 2.0; NTSC 1; anamorphic widescreen (2.40:1). |
| 540 ## - TERMS GOVERNING USE AND REPRODUCTION NOTE | |
| Terms governing use and reproduction | For private home use only. |
| 546 ## - LANGUAGE NOTE | |
| Language note | Soundtrack in English, Spanish, or French; subtitles in English, Spanish, or French. |
| 546 ## - LANGUAGE NOTE | |
| Language note | Subtitles for the deaf and hearing impaired (SDH). |
| 546 ## - LANGUAGE NOTE | |
| Language note | Audio described. |
| 650 #0 - SUBJECT ADDED ENTRY--TOPICAL TERM | |
| Topical term or geographic name entry element | Hotels |
| Form subdivision | Drama. |
| 650 #0 - SUBJECT ADDED ENTRY--TOPICAL TERM | |
| Topical term or geographic name entry element | Romantic comedy films. |
| 650 #0 - SUBJECT ADDED ENTRY--TOPICAL TERM | |
| Topical term or geographic name entry element | Feature films. |
| 650 #0 - SUBJECT ADDED ENTRY--TOPICAL TERM | |
| Topical term or geographic name entry element | Video recordings for the hearing impaired. |
| 650 #0 - SUBJECT ADDED ENTRY--TOPICAL TERM | |
| Topical term or geographic name entry element | Video recordings for people with visual disabilities. |
| 700 1# - ADDED ENTRY--PERSONAL NAME | |
| Personal name | Baranski, Christine. |
| 700 1# - ADDED ENTRY--PERSONAL NAME | |
| Personal name | Brosnan, Pierce. |
| 700 1# - ADDED ENTRY--PERSONAL NAME | |
| Personal name | Cooper, Dominic, |
| Dates associated with a name | 1978- |
| 700 1# - ADDED ENTRY--PERSONAL NAME | |
| Personal name | Firth, Colin, |
| Dates associated with a name | 1960- |
| 700 1# - ADDED ENTRY--PERSONAL NAME | |
| Personal name | Garcia, Andy. |
| 700 1# - ADDED ENTRY--PERSONAL NAME | |
| Personal name | James, Lily, |
| Dates associated with a name | 1989- |
| 700 1# - ADDED ENTRY--PERSONAL NAME | |
| Personal name | Seyfried, Amanda. |
| 700 1# - ADDED ENTRY--PERSONAL NAME | |
| Personal name | Skarsgard, Stellan. |
| 700 1# - ADDED ENTRY--PERSONAL NAME | |
| Personal name | Walters, Julie, |
| Dates associated with a name | 1950- |
| 700 1# - ADDED ENTRY--PERSONAL NAME | |
| Personal name | Cher, |
| Dates associated with a name | 1946- |
| 700 1# - ADDED ENTRY--PERSONAL NAME | |
| Personal name | Streep, Meryl. |
| 700 1# - ADDED ENTRY--PERSONAL NAME | |
| Personal name | Craymer, Judy. |
| 700 1# - ADDED ENTRY--PERSONAL NAME | |
| Personal name | Goetzman, Gary, |
| Dates associated with a name | 1952- |
| 700 1# - ADDED ENTRY--PERSONAL NAME | |
| Personal name | Curtis, Richard, |
| Dates associated with a name | 1956- |
| 700 1# - ADDED ENTRY--PERSONAL NAME | |
| Personal name | Parker, Ol, |
| Dates associated with a name | 1969- |
| 700 1# - ADDED ENTRY--PERSONAL NAME | |
| Personal name | Johnson, Catherine, |
| Dates associated with a name | 1957- |
| 700 1# - ADDED ENTRY--PERSONAL NAME | |
| Personal name | Andersson, Benny. |
| Title of a work | Mamma mia! (Musical) |
| 700 1# - ADDED ENTRY--PERSONAL NAME | |
| Personal name | Ulvaeus, Bjorn. |
| 700 1# - ADDED ENTRY--PERSONAL NAME | |
| Personal name | Dudley, Anne, |
| Dates associated with a name | 1956- |
| 710 2# - ADDED ENTRY--CORPORATE NAME | |
| Corporate name or jurisdiction name as entry element | Universal Pictures (Firm) |
| 710 2# - ADDED ENTRY--CORPORATE NAME | |
| Corporate name or jurisdiction name as entry element | ABBA (Musical group) |
| Withdrawn status | Lost status | Damaged status | Not for loan | Home library | Current library | Shelving location | Date acquired | Total checkouts | Full call number | Barcode | Date last seen | Price effective from | Koha item type |
|---|---|---|---|---|---|---|---|---|---|---|---|---|---|
| Centerville | Centerville | General stacks | 22/03/2026 | [Fic] 23 | BC0010526 | 22/03/2026 | 22/03/2026 | Books |